| 000 | 00426nam a22001697a 4500 | ||
|---|---|---|---|
| 999 |
_c3481 _d3480 |
||
| 005 | 20210831115359.0 | ||
| 008 | 160622b xxu||||| |||| 00| 0 eng d | ||
| 020 | _a81-219-2937-7 | ||
| 041 | _aeng | ||
| 082 | _b9115 | ||
| 100 |
_aMishra, Dr D.D. _92448 |
||
| 245 | _aFundamental Concepts in Environmental Studies | ||
| 260 |
_aNew Delhi _bSultan Chand & Sons, |
||
| 300 | _a270 | ||
| 650 |
_aManagement _9241 |
||
| 942 | _cBK | ||